| 000 | 00648nam a2200229 i 4500 | ||
|---|---|---|---|
| 001 | C2-0154600 | ||
| 003 | PPAK | ||
| 005 | 20180727132115.0 | ||
| 008 | 980331s1990 enka|||| ||||| | eng d | ||
| 020 | _a0283999535 | ||
| 040 |
_aPPAK _beng _cPPAK _erda |
||
| 082 | 0 | 4 |
_a640 _223 |
| 090 | 0 | 0 |
_a640 _bLIF _dR |
| 245 | 0 | 0 |
_aLife style : _byour surroundings and how they affect you |
| 264 | 1 |
_aLondon : _bSidgwick & Jackson , _c1990 |
|
| 300 |
_a256 pages : _bcolour illustrations ; _c29 cm |
||
| 336 |
_2rdacontent _atext |
||
| 337 |
_2rdamedia _aunmediated |
||
| 338 |
_2rdacarrier _avolume |
||
| 700 | 1 |
_aMarsh, Peter, _eeditor |
|
| 942 |
_ddc _cB |
||
| 999 |
_c47644 _d47644 |
||